| Tag |
First Indicator |
Second Indicator |
Subfields |
| LEADER |
00000pam a2200000 a 4500 |
| 001 |
in00000091439 |
| 005 |
20151008063943.0 |
| 008 |
810330s1981 nyua b 00110 eng |
| 010 |
|
|
|a 81005167
|
| 020 |
|
|
|a 0080280366
|
| 035 |
|
|
|a (OCoLC)07461372
|
| 035 |
|
|
|9 AAK3245AM
|
| 039 |
0 |
|
|a 2
|b 3
|c 3
|d 3
|e 3
|
| 040 |
|
|
|a DLC
|c DLC
|d TXA
|d UtOrBLW
|
| 049 |
|
|
|a TXAM
|c [387660]
|
| 050 |
0 |
0 |
|a TJ163.3
|b .S545 1981
|
| 082 |
0 |
|
|a 333.79/16
|2 19
|
| 100 |
1 |
|
|a Smith, Craig B.
|
| 245 |
1 |
0 |
|a Energy management principles :
|b applications, benefits, savings /
|c Craig B. Smith.
|
| 264 |
|
1 |
|a New York :
|b Pergamon Press,
|c [1981]
|
| 264 |
|
4 |
|c ©1981
|
| 300 |
|
|
|a xx, 495 pages :
|b illustrations ;
|c 24 cm.
|
| 336 |
|
|
|a text
|b txt
|2 rdacontent
|
| 337 |
|
|
|a unmediated
|b n
|2 rdamedia
|
| 338 |
|
|
|a volume
|b nc
|2 rdacarrier
|
| 504 |
|
|
|a Includes bibliographical references and index.
|
| 650 |
|
0 |
|a Energy conservation.
|
| 650 |
|
0 |
|a Power resources.
|
| 999 |
|
|
|a MARS
|
| 999 |
f |
f |
|s 80e95fd4-a89b-35c0-8f7e-9f7b681f84e9
|i e40ae0dd-58ff-3c7f-96fe-e611475d686c
|t 0
|
| 952 |
f |
f |
|p ric
|a Texas A&M University
|b Rellis Campus
|c Joint Library Facility
|d Remote Storage
|t 0
|e TJ163.3 .S545 1981
|h Library of Congress classification
|i unmediated -- volume
|m A14806248776
|
| 998 |
f |
f |
|a TJ163.3 .S545 1981
|t 0
|l Remote Storage
|